000
00273nam a2200109Ia 4500
008
190216s9999||||xx |||||||||||||| ||und||
100
_a
Null
245
0
_a
Arithmatic Algebra-Part 1
260
_b
National Council Of Educational Research
_c
1968
300
_a
157
942
_c
BK
999
_c
30473
_d
30473